[Event "BIH-chT"]
[Site "Neum"]
[Date "2002.06.07"]
[Round "8.3"]
[White "Cekro, Ekrem"]
[Black "Bogut, Zeljko"]
[Result "1/2-1/2"]
[WhiteElo "2419"]
[BlackElo "2403"]
[Annotator "Ribli,Z"]
[PlyCount "74"]
[EventDate "2002.06.02"]
[EventType "team"]
[EventRounds "9"]
[EventCountry "BIH"]
[SourceTitle "CBM 090"]
[Source "ChessBase"]
[SourceDate "2002.09.20"]
[SourceVersion "1"]
[SourceVersionDate "2002.09.20"]
[SourceQuality "1"]
[WhiteTeam "Sarajevo"]
[BlackTeam "Brijeg"]
[WhiteTeamCountry "BIH"]
[BlackTeamCountry "BIH"]

1. c4 g6 2. Nc3 Bg7 3. g3 e5 4. Bg2 d6 5. e4 {Diese Spielweise ist sehr
populär - Weiß schwächt (von selbst) das Feld d4, aber er kann seinen Springer
elastisch nach e2 entwickeln und nachfolgend kontrolliert er stark den Punkt
d5.} Nc6 6. Nge2 f5 7. d3 Nf6 8. Nd5 {[%csl Gd5]} (8. O-O O-O 9. Nd5 {Das wäre
die andere Möglichkeit für Weiß.}) 8... O-O 9. Bg5 $5 {Weiß rochiert (noch)
nicht - zuerst fesselt er den f6-Springer.} Ne7 (9... fxe4 {Statt dieser
Fortsetzung wäre 9...h6? ganz schlecht, da Weiß mit 10.Nxf6+ einen Bauern
gewinnen kann.} 10. dxe4 Bg4 11. f3 Be6 12. Qd2 Qd7 13. O-O $14) 10. O-O (10.
Qd2 c6 11. Nxe7+ Qxe7 12. O-O Be6 13. b3 Qd7 14. exf5 Bxf5 15. Bxf6 Bxf6 16. d4
Qg7 17. dxe5 dxe5 18. Rad1 e4 19. Qe3 Rfe8 20. h3 {1-0 Beikert,G-Renet,O/FRA
1999/EXT 2000 (55)}) 10... c6 (10... Nexd5 11. cxd5 $14 {[%cal Ga1c1,Gc1c7]})
11. Nxf6+ (11. Nxe7+ Qxe7 12. Qd2 {[%cal Gd2h6]} Be6 13. Rac1 Qd7 14. Bh6 Bxh6
15. Qxh6 Nh5 16. exf5 Bxf5 17. d4 Rae8 18. Qd2 Bh3 19. Bxh3 Qxh3 20. dxe5 dxe5
21. f3 Qe6 22. b3 {1-0 Dittmar,P-Bellin,J/Triesen 2000/EXT 2001 (64)}) 11...
Bxf6 12. Bxf6 Rxf6 13. d4 $5 {Dieser Zug ist typisch - jetzt hat Weiß
Raumvorteil im Zentrum. Aber nach meiner persönlichen Meinung kommt die
Fortsetzung 13.exf5!? und 14.d4 stark in Betracht.} (13. exf5 Bxf5 (13... Nxf5
14. d4 $14) (13... gxf5 14. d4 $14) 14. d4 e4 15. Nc3 d5 16. cxd5 cxd5 17. f3
$14) 13... Be6 (13... fxe4 $2 14. dxe5 $16) (13... exd4 14. Qxd4 $14) 14. d5 (
14. b3 $5) 14... Bf7 {Ich glaube, der Läuferzug nach d7 wäre natürlicher - in
diesem Fall kann Schwarz seine Türme auf der f-Linie verbinden.} (14... Bd7
$142 {[%cal Gd8b6,Gb6g1]} 15. Qd3 Qb6 16. b3 fxe4 17. Qxe4 cxd5 18. cxd5 Raf8
19. Qe3 Bb5 20. Qxb6 axb6 21. Rae1 Nf5 22. f4 Nd4 {0-1 Cuthbert,P-Kraszewski,D/
England 1994/EXT 99 (53)}) 15. Qd2 (15. exf5 gxf5 16. Nc3 Qb6 17. Qd2 $14 {
Weiß hat Raumvorteil im Zentrum und etwas bessere Aussichten.}) 15... fxe4 (
15... c5 $6 16. f4 $1 $16) (15... cxd5 16. exd5 $14) 16. Nc3 $14 {[%mdl 32]
Dieser Springerzug ist viel besser als das sofortige Nehmen des e4-Bauern. Im
folgenden kommt der Springer nach e4, so dass Schwarz mit dem f6-Turm weggehen
muss.} (16. Bxe4 cxd5 17. cxd5 Qb6 18. Nc3 Nf5 $11 {[%cal Gf5d4]}) 16... cxd5
17. cxd5 {[%cal Gc3e4,Ge4f6]} (17. Nxd5 Nxd5 18. cxd5 Qb6 19. Bxe4 Rf8 $11)
17... Be8 {Schwarz muss so spielen, sonst befindet sich der f6R in großer Not.}
18. Nxe4 {[%csl Ge4]} Rf8 (18... Rf7 $2 19. Ng5 $16 {[%cal Gg5e6]}) 19. Rac1 $6
{Dieser Zug scheint mir schablonenhaft zu sein - im folgenden bekommt Schwarz
Gegenspiel.} (19. Qb4 $1 {[%cal Rb4d6,Rb4b7]} Nxd5 (19... Nf5 20. g4 Nh4 (20...
a5 21. Qa3 $16) 21. Qxd6 Qxd6 22. Nxd6 $16) 20. Qxd6 Qxd6 21. Nxd6 Bc6 22. Rad1
$16 {Weiß hat eine gesunde Bauernstruktur und eine aktive Figurenstellung.})
19... Bb5 20. Rfe1 Nf5 {[%cal Gf5d4]} 21. Ng5 {[%csl Ye6][%cal Rg5e6,Re6f8,
Re6d8]} (21. Qb4 Qb6 $132 {[%cal Gb6f2,Gf8f2,Gf5d4]}) 21... Qb6 (21... Nd4 $2
22. Ne6 Nxe6 23. dxe6 $16 {[%csl Ge6][%cal Gg2a8]}) 22. Ne6 Rf7 23. Be4 (23.
Re4 $5 $14 {Mit diesem - sonderbaren - Zug verhindert Weiß 23...Nd4, und er
kann eventuell Rb4 ziehen.}) 23... Nd4 {Gut oder schlecht - Schwarz muss so
spielen.} 24. Nxd4 exd4 (24... Qxd4 25. Qxd4 exd4 26. Red1 $16) 25. Rcd1 (25.
Red1 d3 26. Kg2 {Weiß muss seine Königsstellung verbessern.} Re8 27. f3 $14 {
[%csl Rd3] Schwarz hat aktives Figurenspiel, aber sein d3P ist schwach.}) 25...
Raf8 26. f4 $6 {Dieser Zug ist zu optimistisch - Weiß schwächt die
e4-Läuferstellung, da er nicht mehr f2-f3 spielen kann.} (26. f3 $142 d3+ 27.
Kg2 $14 (27. Qe3 Qxe3+ (27... Qa5 28. a3 $14) 28. Rxe3 Re8 29. Kf2 Rfe7 30. Rc1
$14 {[%cal Gf2e1,Ge1d2]})) 26... Re7 $132 (26... d3+ 27. Kg2 (27. Qe3 Qxe3+ 28.
Rxe3 Re8 {[%csl Re4]} 29. Kf2 Rfe7 30. Kf3 Bc4 31. b3 Rxe4 $19) 27... Qd4 28.
b3 $14) 27. Qxd4 Qxd4+ 28. Rxd4 {Weiß hat einen Bauern mehr, aber sein e4B ist
gefesselt.} Rfe8 {[%mdl 4096]} 29. Kf2 Bd7 {[%cal Gd7f5]} 30. Kf3 h5 $1 $11 {
[%cal Gd7h3] Mit diesem Zug verhindert Schwarz, dass Weiß g3-g4 spielt, so
kann sich Weiß nicht von der Fesselung des e4-B befreien.} (30... Bf5 $2 31. g4
$16) 31. Ke3 Bf5 {[%csl Re4][%cal Re8e1]} 32. Kd3 Kg7 33. a4 b6 (33... a5 $11)
34. Rc4 Kf6 35. h4 Kg7 36. Re3 (36. b4 Kf6 37. b5 Kg7 $11) 36... a5 37. Re1 Kf6
1/2-1/2

[Event "Prestwich"]
[Site "Prestwich"]
[Date "1990.??.??"]
[Round "2"]
[White "Matveeva, Svetlana"]
[Black "Schlosser, Michael"]
[Result "1-0"]
[WhiteElo "2360"]
[BlackElo "2340"]
[Annotator "Ribli,Z"]
[PlyCount "69"]
[EventDate "1990.??.??"]
[EventType "tourn"]
[EventRounds "9"]
[EventCountry "ENG"]
[SourceTitle "CBM 018"]
[Source "ChessBase"]
[SourceDate "1990.10.01"]
[SourceVersion "1"]
[SourceVersionDate "1990.10.01"]
[SourceQuality "1"]

1. Nf3 Nf6 2. c4 g6 3. g3 Bg7 4. Bg2 O-O 5. O-O d6 6. Nc3 e5 7. d3 Nc6 8. Bd2
$5 h6 9. Rb1 Be6 10. b4 Qd7 11. b5 Ne7 12. a4 Bh3 13. e4 Nh5 {13...c6 !?} 14.
Nd5 Nxd5 15. cxd5 Bg4 16. Qc2 Rac8 17. Rfc1 f5 18. Nh4 $1 fxe4 19. dxe4 Qf7 20.
Be3 b6 $2 {20...Nf4!? 20...g5? 21.Nf5! +/-} 21. Rb4 {/\ Rc4 >< c7} Nf4 22. gxf4
exf4 23. e5 $1 g5 {23...fxe3 24.Rxg4 +/-} 24. Ng6 dxe5 {24...Bf5 25.Qxf5!,
Bxf5 26.Ne7+ +/-} 25. Nxf8 Rxf8 26. Bd2 Qh5 27. Rc4 Be2 28. Rxc7 f3 29. Qe4 g4
30. Bh1 Rf5 31. d6 g3 32. hxg3 Bf6 33. Rc8+ Kg7 34. R1c7+ Kg6 35. Rg8+ 1-0

[Event "Biel"]
[Site "Biel"]
[Date "1994.??.??"]
[Round "2"]
[White "Vaganian, Rafael A"]
[Black "Gallagher, Joseph G"]
[Result "1-0"]
[WhiteElo "2645"]
[BlackElo "2470"]
[Annotator "Ribli,Z"]
[PlyCount "131"]
[EventDate "1994.07.??"]
[EventType "tourn"]
[EventRounds "11"]
[EventCountry "SUI"]
[EventCategory "10"]
[SourceTitle "CBM 043"]
[Source "ChessBase"]
[SourceDate "1994.12.01"]
[SourceVersion "1"]
[SourceVersionDate "1994.12.01"]
[SourceQuality "1"]

1. Nf3 d6 2. g3 e5 3. d3 g6 4. c4 Bg7 5. Nc3 Nc6 6. Bg2 Nf6 7. O-O O-O 8. Rb1
a5 9. a3 Re8 (9... h6 $5) 10. Bg5 h6 11. Bxf6 Bxf6 12. b4 axb4 13. axb4 Bg7 (
13... Nd4 $6 14. Nd2 $14 {Gelfand,B-Anand,V/Linares/1991/CBM22/INF51,32/}) 14.
b5 Ne7 15. Qc2 $5 (15. Nd2 $2 e4 $1 $15 {Vaganian,R-Lautier,J/Manila izt/1990/
CBM18/INF49,39/}) (15. Qb3 Be6 16. Nd2 c6 17. Rfc1 d5 $10 {Georgiev,Ki-Akopian,
V/Tilburg/1993/CBM39/}) 15... c6 (15... Be6 16. Nd2 c6 17. bxc6 bxc6 18. Rb7 d5
19. cxd5 cxd5 20. Nb5 Rb8 21. Rxb8 Qxb8 22. Rb1 Rc8 23. Qa2 $13 {
Dukic-Damljanovic/Nis/1993/INF59,(30)/}) 16. Nd2 d5 17. bxc6 bxc6 18. Rfc1 Be6
19. Na4 Qd6 20. Nb6 Ra7 (20... Rab8 $5) 21. e4 Rd8 $2 (21... dxc4 22. Ndxc4 Qc7
23. Ne3 $14) (21... dxe4 22. Nxe4 (22. dxe4 Qc5 $5) 22... Qc7 23. Nc5 Nf5 $10)
22. cxd5 cxd5 23. exd5 Nxd5 24. Bxd5 $1 Bxd5 25. Nc8 Qd7 26. Nxa7 Qxa7 27. Qc7
Qxc7 28. Rxc7 Ba2 29. Ra1 Be6 30. Ne4 Bf8 (30... Rxd3 31. Nc5 Rd6 32. Nxe6 Rxe6
33. Ra8+ $18) 31. Ra6 Kh8 (31... Rxd3 $2 32. Rxe6 fxe6 33. Nf6+ Kh8 34. Rh7#)
32. h4 Rxd3 33. Rxe6 $1 fxe6 34. Nf6 Bg7 35. Rc8+ Bf8 36. Ng4 $1 Rd4 (36... Kg7
37. Rc7+ $1 Kh8 38. Nxe5 $18) 37. f4 $1 Kg7 (37... exf4 38. Rxf8+ Kg7 39. Rxf4
$18) 38. Rc7+ Kh8 39. Nxe5 Bd6 40. Nf7+ Kg8 41. Nxh6+ Kh8 42. Nf7+ Kg8 43. Nxd6
Rxd6 44. Kf2 Kf8 (44... Rd3 45. Re7 $18) 45. Ke3 Rd1 46. Ke4 Re1+ 47. Kd4 Re2
48. g4 Re1 49. g5 Re2 50. Rh7 Kg8 51. Rh6 Kg7 52. h5 gxh5 53. Rxh5 Kg6 54. Rh6+
Kf7 55. Rh1 Rd2+ (55... Kg6 $5) 56. Ke4 Re2+ 57. Kf3 Ra2 58. Rh7+ Kf8 (58...
Kg6 59. Re7 Ra6 60. Kg4 Rb6 61. Rxe6+ Rxe6 62. f5+ Kf7 63. fxe6+ Kxe6 64. Kh5
Kf7 65. Kh6 Kg8 66. Kg6 Kh8 67. Kf7 $18) 59. g6 Ra4 60. Rf7+ Ke8 61. Kg4 e5 62.
Kg5 exf4 63. Rf5 $1 Ke7 64. g7 Ra1 65. Rxf4 Rg1+ 66. Kh6 1-0

[Event "Sarajevo Bosnia 32nd"]
[Site "Sarajevo"]
[Date "2002.05.26"]
[Round "5"]
[White "Kurajica, Bojan"]
[Black "Smirin, Ilia"]
[Result "0-1"]
[WhiteElo "2555"]
[BlackElo "2685"]
[Annotator "Ribli,Z"]
[PlyCount "100"]
[EventDate "2002.05.22"]
[EventType "tourn"]
[EventRounds "9"]
[EventCountry "BIH"]
[EventCategory "16"]
[SourceTitle "CBM 090"]
[Source "ChessBase"]
[SourceDate "2002.09.20"]
[SourceVersion "1"]
[SourceVersionDate "2002.09.20"]
[SourceQuality "1"]

1. Nf3 {Ftacnik} Nf6 2. c4 g6 3. g3 Bg7 4. Bg2 O-O 5. O-O d6 6. Nc3 Nc6 7. Rb1
a5 8. a3 e5 9. d3 {Dies ist eine Stellung der Geschlossenen Variante der
Sizilianischen Verteidigung, aber mit umgekehrten Farben.} h6 {Nach meiner
Meinung ist das die beste Möglichkeit für Schwarz. Er bereitet die Entwicklung
des Läufers nach e6 vor und verteidigt sich gegen Ng5. Die anderen Züge sind 9.
..Nd4, 9...Re8, 9...Nh5.} 10. b4 axb4 11. axb4 Be6 12. b5 {Weiß hat Initiative
am Damenflügel, aber die schwarze Stellung ist fest und im folgenden kann er
am Königsflügel aktiv spielen.} Ne7 13. Qb3 {Die Läuferentwicklung auf b2 wäre
natürlicher, aber der Vorteil des Damenzuges ist, dass der dunkelfarbige
Läufer nach a3 kommen kann.} (13. Bb2 Qd7 {[%cal Ge6h3,Gh3f1]} 14. Re1 Bh3 15.
Bh1 Ng4 $11 {[%cal Gf7f5]}) 13... Nd7 {[%cal Gd7c5,Gf7f5] Die Idee des
Springerzugs ist, dass Schwarz den Zug f7- f5 vorbereitet, und er kann
eventuell Nc5 ziehen.} (13... Qd7 {Dieser Zug ist auch gut spielbar.} 14. Ba3
Nh7 $11 (14... Bh3 15. c5 Bxg2 16. Kxg2 $14)) 14. Ba3 (14. Nd2 Nc5 15. Qc2 Qd7
16. Nd5 Bxd5 (16... Nc8 $5 $11 {[%cal Gc7c6]}) 17. cxd5 b6 $11) 14... f5 15.
Nd2 (15. Nd5 Kh7 (15... Bxd5 $5 16. cxd5 b6 {[%cal Gd7c5]}) 16. Nd2 Ra7 17. b6
Nxb6 18. Nxb6 cxb6 19. Qb4 Nc8 $13) 15... Rb8 16. e3 (16. Nd5 Nc8 (16... b6 17.
Ra1 Rf7 18. Nb4 Nc5 19. Qc2 Qd7 20. Bb2 Rbf8 21. f4 d5 22. Nf3 exf4 23. gxf4
Bxb2 24. Qxb2 Qd6 {0-1 Hertneck,G-Gruenfeld,Y/Munich 1987/CBM 03 (45)}) 17. Qc2
Ra8 18. Bb4 c6 19. bxc6 bxc6 20. Nc3 Nb8 21. Ra1 Rxa1 22. Rxa1 Rf7 {1/2-1/2
Lomakina,G-Lomineishvili,M/Warsaw 2001/CBM 82 ext (45)}) (16. Ra1 g5 (16... f4
17. Bb4 Nf5 18. Ra7 $13) 17. Bb4 Ng6 18. Ra7 e4 19. dxe4 f4 20. Nd5 Bd4 21. Ra3
Nde5 22. e3 fxe3 23. Nxe3 c5 24. bxc6 bxc6 25. Qa4 Rf7 26. Nf5 {1-0 Suba,M-San
Emeterio Cabanes,J/Collado Villalba 2000/EXT 2001 (34)}) (16. Bb2 g5 17. Ra1 g4
18. Qc2 f4 19. Nce4 Nf5 20. Ra7 h5 21. Rfa1 Bh6 22. Nb3 h4 23. d4 fxg3 24. hxg3
hxg3 25. Nxg3 Qh4 26. dxe5 Be3 $1 {0-1 Giffard,N-Gurevich,V/Le Touquet 1995/
EXT 2000 (29)}) 16... g5 $13 {[%cal Ge7g6] Während Weiß positionellen Druck am
Damenflügel hat, besitzt Schwarz seine Gegenchancen am Königsflügel.} (16... f4
$5 {Dieser Zug kommt auch in Betracht, aber in diesem Fall kann Weiß das Feld
e4 mit dem Springer besetzen.}) 17. f4 $5 {[%mdl 32] Ftacnik: 'In this line
white's main concern is slowing down black's counterplay on the kingside.
After Kurajica's move it will become difficult to develop initiative on the
other flank. '  Das ist ein typischer Verteidigungszug in solchen Stellungen -
Weiß vermeidet die Möglichkeit f5-f4.} (17. Ra1 {Ftacnik} f4 $132) 17... Ng6 (
17... exf4 18. gxf4 $13) 18. Rbe1 {[%cal Ge1e6]} Kh7 (18... gxf4 $6 19. exf4
$14) (18... exf4 {Ftacnik} 19. exf4 Re8 20. fxg5 $14) 19. fxe5 $1 {Weiß nimmt
rechtzeitig auf e5 - 19...dxe5 ist ganz schlecht, da der f8R hängt, so muss
Schwarz mit dem Springer auf e5 nehmen, wonach Weiß eine Initiative im Zentrum
bekommt.} (19. fxg5 hxg5 $13 20. Qd1 g4 21. Bb2 Rh8 $11) 19... Ndxe5 20. d4 $14
{[%csl Gc4,Gd4,Gg2] Weiß hat eine starke Bauernmasse im Zentrum und das
bessere Figurenspiel.} Ng4 21. b6 $6 (21. h3 Nf6 (21... Nxe3 22. Rxe3 Bxd4 23.
Ne2 $16) 22. Nd5 $14) (21. Ne2 {Ftacnik} Re8 $11) 21... c6 22. Kh1 (22. h3 Nxe3
23. Rxe3 Bxd4 24. Ne2 Bxb6 $13) 22... Re8 23. d5 {'?' Ftacnik. Ftacnik: 'An
unfortunate moment for the advance in the center, Smirin's pieces will prove
to be excellently prepared for the decisive phase of the fight.'} (23. h3 Nf6
24. d5 (24. e4 {Ftacnik} f4 $1 (24... fxe4 {Ftacnik} 25. Ndxe4 Nxe4 26. Nxe4
$14) 25. Ne2 Nh5 $11) 24... Bc8 $13 25. e4 f4 $1 $11) 23... Bc8 24. dxc6 bxc6
$13 25. Na4 (25. Bxc6 $2 Rxb6 26. Bb5 Nxe3 $17 (26... Rxe3 $17)) 25... c5 26.
h3 Nf6 (26... N4e5) 27. Bb2 Nh5 (27... Bd7 $13 {[%cal Gd7a4,Gb8b6]}) 28. Kh2
Bxb2 29. Qxb2 Bd7 30. Qc2 Qe7 (30... Bxa4 31. Qxa4 Rxb6 (31... Ng7 32. b7 $16 {
[%csl Gb7]}) 32. Rxf5 $14) 31. Qd1 $6 (31. Rxf5 $1 Bxf5 32. Qxf5 $44) 31... g4
$1 $36 32. Rg1 Qe5 33. Bh1 $2 (33. Bd5 $142 Nf6 $1 $36 {[%cal Gh6h5]} (33...
Nxg3 $2 34. Rxg3 f4 35. Rxg4 Bxg4 36. Qxg4 fxe3+ 37. Kh1 {Bei der
h1-Läuferstellung wäre dieser Königszug unmöglich - siehe Anmerkung 35.Rxg4 
(statt 34.Rxg3).})) {[#]} 33... Nxg3 $1 $17 {[%mdl 512] '!?' Ftacnik. Ftacnik:
'Radical tactical solution, that is taking advantage of the pretty poor
coordination of white's pieces.'  Nach diesem (zeitweiligem) Springeropfer
bekommt Schwarz sehr starken Angriff.} (33... Nf6 $17 {Ftacnik}) 34. Rxg3 f4
35. exf4 {Nach diesem Zug verliert Weiß Material, aber guter Rat war schon
teuer.} (35. Rg2 h5 $1 $17 {Die schwarze Drohung ist 36...f3+ und im Falle von
37.Rg3 kommt 37...h4.}) (35. Rxg4 Bxg4 36. Qxg4 (36. hxg4 fxe3+ $19) 36...
fxe3+ 37. Kg1 Rg8 $19 {[%cal Rg8g1]}) 35... Qxe1 36. Qxe1 Rxe1 37. Nc3 Rxb6 (
37... Nxf4 $19) 38. Be4 (38. hxg4 Nxf4 $19 (38... Rb2 $19)) 38... h5 (38... Rb2
$19) 39. hxg4 Bxg4 {Ftacnik: 'Black enjoys advantage of the spare exchange and
extra pawn, technical problems of realization are not that challenging. '} 40.
Rd3 Kg7 41. Kg3 Ne7 42. Kf2 Ra1 43. Nb5 d5 $1 {[%cal Gb6f6,Gf6f2] Dieses
Bauernopfer ist stark - das Erscheinen des Turms auf f6 entscheidet die Partie.
} 44. Bxd5 Rf6 45. Be4 (45. Kg3 Be2 46. Ra3 (46. Re3 h4+ 47. Kxh4 (47. Kh3 Nxd5
$19) 47... Nf5+ $19) 46... h4+ 47. Kf2 Rxa3 48. Nxa3 Bg4 $19) 45... h4 {
[%csl Rf2]} 46. Nd6 Rxf4+ $19 {Schwarz hat nicht nur Materialvorteil, sondern
der König des Gegners steht auch schlecht.} 47. Ke3 Rf8 48. Rb3 Re1+ 49. Kd3
Rd8 50. Rb6 h3 {[%cal Gh3h2,Gh2h1]} 0-1

[Event "GRE-GEO"]
[Site "Athens"]
[Date "2003.09.22"]
[Round "4"]
[White "Jobava, Baadur"]
[Black "Banikas, Hristos"]
[Result "1-0"]
[WhiteElo "2596"]
[BlackElo "2530"]
[Annotator "Ribli,Z"]
[PlyCount "83"]
[EventDate "2003.09.18"]
[EventType "team"]
[EventRounds "6"]
[EventCountry "GRE"]
[SourceTitle "CBM 098"]
[Source "ChessBase"]
[SourceDate "2004.02.03"]
[SourceVersion "1"]
[SourceVersionDate "2004.02.03"]
[SourceQuality "1"]

1. c4 e5 2. d3 {Dieser genügsame Zug bietet Weiß nur wenig Hoffnung für einen
Eröffnungsvorteil.} Nc6 {Statt dieser Fortsetzung hat Schwarz viele andere
Züge, so wie 2...f5, 2...c6, 2...Nf6.} 3. Nf3 g6 (3... Bb4+) (3... f5 $5) 4. g3
Bg7 5. Bg2 d6 6. Nc3 Nf6 7. Rb1 {Jetzt mit Zugumstellung haben wir die
Hauptvariante der Englischen Eröffnung.} a5 8. a3 h6 {Die Idee des Textzuges
ist, dass Schwarz in folgendem Be6 ziehen möchte und nach 8...h6 nicht mehr
mit Ng5 rechnen muss.} (8... O-O 9. O-O Re8 (9... Nd4)) 9. b4 axb4 10. axb4 O-O
11. O-O Be6 12. b5 Ne7 13. d4 $146 {Eine interessante Idee des weißen Spielers.
In vielen Partien spielte Weiß die traditionelle Fortsetzung 13.Bb2, wonach
Schwarz ungefähr gleiche Chancen bekommt. Es ist wichtig zu bemerken, dass
Grossmeister Banikas diese Variante mit Schwarz in so vielen Varianten spielte,
so dass Weiss sich konhret auf diese Stellung vorbereiten konnte. Natürlich
ist der Zug 13.d4 ein Ergebnis der hauslichen Analyse.} (13. Bb2 Qd7 14. Qb3 (
14. Re1 Bh3 15. Bh1 Ng4 16. Ra1 Rab8 17. Qb3 Kh7 18. Ra7 f5 19. Nd2 e4 20. Nd1
{1-0 Sichinava,R-Banikas,H/Rotterdam 1998/EXT 99 (32)}) 14... Bh3 15. Nd5 Nexd5
16. cxd5 Nh5 17. Qb4 Bxg2 18. Kxg2 f5 19. Ra1 Nf6 20. Qc4 Qf7 {0-1 Arabatzis,
M-Banikas,H/Ano Liosia 2000/CBM 79 ext (37)}) (13. Qb3 Qd7 14. d4 e4 15. Nd2 d5
16. cxd5 Nexd5 17. Ncxe4 Nxe4 18. Nxe4 Nf4 19. Qf3 Nh3+ 20. Kh1 Bf5 21. g4 Ng5
22. Bxg5 Bxg4 23. Nf6+ Bxf6 24. Qxf6 hxg5 {1/2-1/2 Mastrovasilis,A-Banikas,H/
Athens 1999/EXT 2001 (43)}) 13... Bxc4 (13... exd4 $6 14. Nxd4 $14) 14. dxe5
dxe5 (14... Nfd5 15. Nxd5 (15. Qd4 Nxc3 (15... Nb6 $13) 16. Qxc3 d5 $15) 15...
Bxd5 (15... Nxd5 16. Qc2 Nb6 (16... Bxe2 17. Qxe2 Nc3 18. Qc2 Nxb1 19. Qxb1
dxe5 20. Re1 $14) 17. Rd1 $14) 16. exd6 Qxd6 17. Bf4 (17. Bb2 Rfd8 $11 (17...
Ra2 $11)) 17... Qb6 18. Qd3 (18. Qc1 Ba2 19. Bxc7 Qe6 20. Rb4 (20. Rb2 Nd5 $36
(20... Bxb2 21. Qxb2 Bd5 $15)) 20... Nd5 $36) 18... Rfd8 19. Rfc1 Ba2 20. Bxc7
Rxd3 21. Bxb6 Bxb1 22. exd3 Bxd3 $11) 15. Qc2 (15. Nxe5 Nfd5 16. Bb2 (16. Qd4
Nxc3 (16... Nb6 17. Qc5 $14) 17. Qxc3 Ba2 (17... Bxe2 $2 18. Re1 Ra2 19. Qb3
Qa8 20. Rb2 $16) 18. Ra1 c6 $13) 16... Bxe5 17. Nxd5 Bxb2 18. Nxe7+ Qxe7 19.
Rxb2 Ra5 20. Bxb7 Rxb5 21. Rxb5 Bxb5 22. Bf3 $11) 15... Ned5 $13 (15... Nfd5 $5
{Dieser Zug erscheint mir logischer, als die Partiefortsetzung, weil auf diese
Weise Schwarz die Diagonale des g7-Läufers öffnet.} 16. Nxd5 (16. Rd1 Qc8 17.
Nxd5 Bxd5 18. e4 Ba2 (18... Be6)) 16... Bxd5 17. e4 Ba2 $5 (17... Be6 18. Rd1
Qc8 19. Qc5 Re8 20. Nxe5 b6 21. Qc3 $13) 18. Rb2 (18. Ra1 $2 Bb3 $17) 18... Be6
$13) 16. Nd1 (16. Nxe5 $5 Nxc3 17. Qxc3 Ba2 (17... Bxe2 18. Re1 $16) (17... Bd5
18. Rd1 $14) 18. Ra1 (18. Rb2) 18... Ng4 19. Qc2 Nxe5 20. Rxa2 $14) 16... Nb6 (
16... Ba2 17. Rb2 (17. Ra1 $2 Bb3 $17) 17... Qd6 18. Bd2 (18. Rxa2 $2 Nb4 $19 {
[%cal Rb4a2,Rb4c2]}) 18... e4 19. Rxa2 Rxa2 20. Qxa2 exf3 21. Bxf3 c6 $11) 17.
Nxe5 {[%mdl 2048] Mit diesem Zug gewinnt Weiß den Bauern zurück. In folgendem
sehen wir einen Kampf mit lebendigem Figurenspiel, was nicht typisch in der
Englische Eröffnung ist.} Bd5 (17... Ra2 18. Bb2 (18. Rb2 Rxb2 19. Bxb2 Bxb5
20. Bxb7 $11) 18... Bd5 19. Nc3 Bxg2 20. Kxg2 Ra8 21. Rfd1 $14) 18. e4 Nxe4 19.
Nxf7 (19. Bxe4 Bxe5 20. Bxh6 Ra2 $36) 19... Rxf7 (19... Bxf7 20. Bxe4 Ra2 $13)
20. Bxe4 Bxe4 (20... Bc4 21. Bxg6 (21. Re1 $14) 21... Re7 22. Ne3 Bxf1 23. Kxf1
$44) 21. Qxe4 Kh7 22. Ne3 (22. Qxb7 Qd3 23. Rb4 Ra1 24. Qc6 Nd5 $36) 22... Na4
{[%csl Yc3][%cal Ra4c3,Rc3b1,Rc3e4]} 23. Qc2 $1 (23. Qxb7 Nc3 24. Rb4 Rb8 25.
Qc6 Qd7 26. Qxd7 Rxd7 27. Bb2 $11) 23... Nc3 $6 (23... Qd4 $13) 24. Rb3 Ra2 25.
Bb2 {Nach diesem Zug muss der stolze c3N weg gehen.} Nd5 26. Qc4 {[%cal Gc4f7]}
Rxb2 (26... Nxe3 27. Qxf7 Rxb2 28. fxe3 $18) (26... c6 27. Bxg7 Kxg7 28. bxc6
bxc6 29. Qxc6 Nxe3 30. Rxe3 $14) 27. Rxb2 Bxb2 28. Nxd5 $14 {[%csl Gd5,Rh7]
Nach Vereinfachungen haben wir eine Stellung, wo Weiß einen starke Springer
auf d5 hat und die schwarze Königsstellung ein wenig geschwächt ist.} Rd7 29.
Nf4 Be5 30. Ne6 Qf6 31. f4 {[%cal Gf4f5]} Bd4+ (31... Re7 $2 32. fxe5 Qxe6 33.
Qxe6 Rxe6 34. Rf7+ Kg8 35. Rxc7 Rxe5 36. Rxb7 $16) 32. Kh1 (32. Kg2 Bb6 {
[%cal Gd7d2,Gd2g2]}) 32... Bb6 33. Qe4 {[%cal Gf4f5]} Rd2 (33... Rf7 34. g4 $14
) 34. f5 g5 (34... gxf5 $5 35. Rxf5 $18 {[%cal Re4h7,Rf5f6]}) 35. Qf3 (35. Qxb7
$4 Qb2 $19) 35... Qe5 $2 (35... Rd6 $14) {[#]} 36. Nxg5+ $1 $18 {[%mdl 64]
Nach diesem schönen Zug ist der schwarze Koenigsflügel nicht mehr zu
verteidigen.} Kg8 (36... hxg5 37. Qh5+ Kg7 38. Qxg5+ $18 {[%cal Rg5g7,Rg5d2]})
37. Ne4 (37. Qh5 Qd5+ 38. Nf3 Rd1 39. Rxd1 Qxd1+ 40. Kg2 Qe2+ 41. Kh3 Qf1+ 42.
Kh4 $18) 37... Rd4 38. Re1 Qxb5 39. Qg4+ Kf8 40. f6 Rd7 (40... Qd7 41. Qg6 Qf7
42. Qxh6+ $18) 41. Qg6 Be3 42. Ra1 {Natürlich nicht 42.Rxe3?? wegen 42...Qf1#.}
1-0